| 000 | 00489nam a22001697a 4500 | ||
|---|---|---|---|
| 003 | OSt | ||
| 005 | 20260202104344.0 | ||
| 008 | 260130b |||||||| |||| 00| 0 eng d | ||
| 040 | _cMRSPTU | ||
| 041 | _aENG | ||
| 100 | _aAvtar Singh, Supervisor : Dr. Dhirendra Singh | ||
| 245 | _aDurability of Cement | ||
| 260 |
_bDepartment of Civil Engg. MRSPTU, Bathinda _c2004 |
||
| 650 | _aCivil Engineering | ||
| 856 | _uhttp://localhost:8080/xmlui/handle/123456789/1002 | ||
| 942 |
_2ddc _cTH _n0 |
||
| 999 |
_c10806 _d10806 |
||